Tilastot visalle Keski-Suomen maakunnan kunnat

Klikkaa tästä pelataksesi tätä visaa!

Yleistilastot

  • Tätä visaa on pelattu 568 kertaa
  • Keskiarvotulos 18 / 35

Vastaustilastot

HintVastaus% Oikein
kaupunkiJyväskylä
99%
kaupunkiJämsä
86%
kaupunkiÄänekoski
84%
kuntaMuurame
76%
kuntaLaukaa
74%
kaupunkiKeuruu
70%
kaupunkiViitasaari
70%
kaupunkiSaarijärvi
69%
kuntaUurainen
64%
kuntaPihtipudas
59%
kuntaToivakka
58%
kuntaHankasalmi
56%
kuntaJoutsa
56%
kuntaKyyjärvi
56%
kuntaMultia
56%
kuntaKonnevesi
55%
kuntaKarstula
54%
kuntaKivijärvi
54%
kaupunki (2009)Jämsänkoski
53%
kuntaKinnula
51%
kuntaPetäjävesi
50%
kunta (2009)Jyväskylän maalaiskunta
49%
kuntaKannonkoski
47%
kaupunki (2007)Suolahti
44%
kuntaLuhanka
41%
kunta (2009)Korpilahti
40%
kuntaKuhmoinen
37%
kunta (1993)Konginkangas
33%
kunta (2007)Sumiainen
26%
kunta (2008)Leivonmäki
22%
kunta (1993)Säynätsalo
22%
kunta (1969)Äänekosken maalaiskunta
19%
kunta (2009)Pylkönmäki
18%
kunta (1969)Koskenpää
16%
kunta (1969)Pihlajavesi
12%

Tulosjakauma

Persentiili vastausten määrän mukaan

Jokaisen tuloksen saaneiden osuus

Tuloshistoriasi

Et ole pelannut tätä visaa